00933nam a2200253 4500001000800000005001700008008004100025010001700066040001800083050002000101082001900121100002700140245004400167260004100211300003100252350001000283500014700293504002900440650002100469650001800490942001200508999001700520952014200537123122819681225000000.0691010r19681958nyua b 001 0 eng  a 68017404  aDLCcDLCdDLC00aTA355b.B8 196800a620.3222bBUR1 aBurton, Ralph A.9641810aVibration and Impact/cby Ralph Burton. aNew York,bDover Publications,c1968 ax, 310 p.:bill. ;c22 cm. a$2.75 a"An unabridged and corrected republication of the work originally published ... in 1958, to which has been added a new preface by the author." aIncludes bibliographies. 0aVibration.96419 0aImpact.96420 2ddccBB c11885d11885 00102ddc40708Alef-BaaaMAINbMAINc1STd2009-06-18epurchaseg150.00l1m1o620.3 BURp000016820r2025-07-15 00:00:00s2012-05-22yBB